Dictionary Of Capital Market (Record no. 95148)

MARC details
000 -LEADER
fixed length control field 00624nam a2200229Ia 4500
005 - DATE AND TIME OF LATEST TRANSACTION
control field 20230415110740.0
008 - FIXED-LENGTH DATA ELEMENTS--GENERAL INFORMATION
fixed length control field 230125s9999 xx 000 0 und d
020 ## - INTERNATIONAL STANDARD BOOK NUMBER
International Standard Book Number 978-81-7708-385-9
041 ## - LANGUAGE CODE
Language code of text/sound track or separate title eng
082 ## - DEWEY DECIMAL CLASSIFICATION NUMBER
Classification number 658.159
Item number RAS
100 ## - MAIN ENTRY--PERSONAL NAME
Author Raste D R
245 ## - TITLE STATEMENT
Title Dictionary Of Capital Market
260 ## - PUBLICATION, DISTRIBUTION, ETC.
Date of publication, distribution, etc. 2014
Name of publisher, distributor, etc. New Century Publications.
Place of publication, distribution, etc. New Delhi
300 ## - PHYSICAL DESCRIPTION
Extent 227p
Dimensions Hard Bound
440 ## - SERIES STATEMENT/ADDED ENTRY--TITLE
Volume/sequential designation 5
500 ## - GENERAL NOTE
Keywords Dictionary;Capital markets;Dictionary of Capital Market
650 ## - SUBJECT ADDED ENTRY--TOPICAL TERM
Topical term or geographic name entry element Financial Management
700 ## - ADDED ENTRY--PERSONAL NAME
Personal name Raste D R
942 ## - ADDED ENTRY ELEMENTS (KOHA)
Koha item type Books
906 ## - LOCAL DATA ELEMENT F, LDF (RLIN)
b 27
Holdings
Withdrawn status Lost status Damaged status Not for loan Home library Current library Date acquired Vendor Net Price Bill number Total Checkouts Full call number Barcode Date last seen Actual Price Bill Date Koha item type Original Barcode
        Smt. Hiraben Nanavati Institute of Management & Research for Women Smt. Hiraben Nanavati Institute of Management & Research for Women 10/02/2019 Pritam Book Centre 790.00 10763   658.159 RAS B18117 HIMR-BK-18117 25/01/2023 763.00 11/02/2019 Books B18117
        Smt. Hiraben Nanavati Institute of Management & Research for Women Smt. Hiraben Nanavati Institute of Management & Research for Women 10/02/2019 Pritam Book Centre 790.00 10763   658.159 RAS B18118 HIMR-BK-18118 25/01/2023 763.00 11/02/2019 Books B18118
        Smt. Hiraben Nanavati Institute of Management & Research for Women Smt. Hiraben Nanavati Institute of Management & Research for Women 10/02/2019 Pritam Book Centre 790.00 10763   658.159 RAS B18119 HIMR-BK-18119 25/01/2023 763.00 11/02/2019 Books B18119
        Smt. Hiraben Nanavati Institute of Management & Research for Women Smt. Hiraben Nanavati Institute of Management & Research for Women 10/02/2019 Pritam Book Centre 790.00 10763   658.159 RAS B18120 HIMR-BK-18120 25/01/2023 763.00 11/02/2019 Books B18120
        Smt. Hiraben Nanavati Institute of Management & Research for Women Smt. Hiraben Nanavati Institute of Management & Research for Women 10/02/2019 Pritam Book Centre 790.00 10763   658.159 RAS B18121 HIMR-BK-18121 25/01/2023 763.00 11/02/2019 Books B18121